Fake News.

Furkejuvvon:
Bibliográfalaš dieđut
Váldodahkki: Jackson,Tom (Dahkki)
Eará dahkkit: Guitian, Cristina (Ilustradora)
Materiálatiipa: Dovdameahttun
Almmustuhtton: Mission Viejo, USA: Quarto Knows, 2020.
Fáttát:
Fáddágilkorat: Lasit fáddágilkoriid
Eai fáddágilkorat, Lasit vuosttaš fáddágilkora!

MARC

LEADER 00000 a2200000 4500
003 CL-VaPUC
005 20231127152359.0
008 231116t2020 ||||| |||| 00| 0 eng d
999 |c 442509  |d 442507 
020 |a 978-0711250345 
040 |c Pontificia Universidad Católica de Valparaíso 
082 7 |a 070.43 JAC 2020   |2 22 
100 |a Jackson,Tom   |9 885825  |e author 
245 |a Fake News. 
260 |a Mission Viejo, USA:  |b Quarto Knows,  |c 2020. 
300 |a 96 páginas :  |b  ilustraciones.  
583 |k GC  |c 20231116 
650 |a Fake news   |v Preguntas y respuestas  |x Niños  |9 885964 
700 |a Guitian, Cristina  |9 885878  |e Ilustradora 
942 |2 ddc  |c BK 
952 |0 0  |1 0  |2 ddc  |4 0  |6 070_430000000000000_JAC_2020  |7 0  |9 592516  |a BIBCUR  |b BIBCUR  |d 2023-11-15  |e 26  |g 32785.00  |i 5659507  |o 070.43 JAC 2020  |p 5659507  |r 2025-04-22  |t 1  |v 32785.00  |w 2023-11-15  |y BK  |k PER